| 000 | 00740nam a2200241Ia 4500 | ||
|---|---|---|---|
| 005 | 20231128115341.0 | ||
| 008 | 131103s9999 xx 000 0 und d | ||
| 020 |
_a195017854 _c5.50 pds |
||
| 040 | _aLoreto College | ||
| 041 | _aEnglish | ||
| 082 |
_a396 _bCHA |
||
| 100 | _aChafe,William Henry | ||
| 245 | 4 |
_aThe American Women _b _c William Henry Chafe |
|
| 250 | _aher changing social,economic and political roles,1920 - 1970 | ||
| 260 |
_aLondon _bOxford University Press _c1972 |
||
| 300 | _axiii,351 p. | ||
| 504 | _aIncludes bibliographical references and index | ||
| 630 | _aAmerican Women - Social Conditions | ||
| 650 | _aWomen - Social Conditions | ||
| 651 | _aWomen Studies | ||
| 850 | _aLCLIB | ||
| 942 | _cBK | ||
| 999 |
_c11352 _d61831 |
||